Everyday (Ariana Grande) - lyrics - Statistics

General Stats
  • This quiz has been taken 25 times
  • The average score is 311 of 401
Answer Stats
Answer % Correct
I
100%
a
94%
baby
94%
Baby
94%
boy
94%
everyday
94%
Everyday
94%
give
94%
Give
94%
go
94%
He
94%
he
94%
it
94%
it)
94%
me
94%
me,
94%
to
94%
good
88%
in
88%
shit
88%
you
88%
You
88%
and
82%
can
82%
giving
82%
it's
82%
It's
82%
just
82%
misbehave
82%
out
82%
about
76%
Anytime
76%
anywhere
76%
I'm
76%
la
76%
make
76%
Make
76%
Oh
76%
oh
76%
Running
76%
that
76%
That
76%
the
76%
When
76%
your
76%
All
71%
all
71%
alone
71%
cant
71%
need
71%
not
71%
quit
71%
thinking
71%
through
71%
want
71%
be
65%
help
65%
Breathe
59%
breathe
59%
fall
59%
got
59%
do
53%
love
53%
my
53%
night
53%
sun
53%
dont
47%
mistakes
47%
on
47%
put
47%
same
47%
(she
47%
(She
47%
up
47%
veins
47%
believe
41%
body
41%
Fill
41%
for
41%
Honestly
41%
tripping
41%
doing
35%
drive
35%
or
35%
with
35%
work
35%
come
29%
fell
29%
fight
29%
guy
29%
like
29%
made
29%
making
29%
past
29%
things
29%
til
29%
We
29%
what
29%
bad
24%
compromise
24%
keys
24%
ride
24%
rotate
24%
take
24%
too
24%
us
24%
vacation
24%
done
18%
many
18%
80s
12%
late
12%
loving
12%
passion
12%
was
12%
(that's
6%
this
6%
vintage
6%
right)
0%
No matching quizzes found
Score Distribution
Percent of People with Each Score
Percentile by Number Answered
Your Score History
You have not taken this quiz